Verbe irrégulier Anglais #3 - Statistiques

Statistiques générales
  • Ce quiz a été pris 1 313 fois
  • Le résultat moyen est 43 sur 60
Statistiques - réponses
Hint Réponse % Correct
Avoir Have
99%
Avoir Had
94%
Avoir Had
93%
Savoir, connaître Know
90%
Apprendre Learn
89%
Entendre Hear
88%
Savoir, connaître Knew
88%
Savoir, connaître Known
85%
Rencontrer Meet
85%
Perdre Lose
84%
Fabriquer, faire Make
84%
Payer Pay
84%
Entendre Heard
83%
Entendre Heard
83%
Garder Keep
83%
Apprendre Learnt
83%
Apprendre Learnt
83%
Rencontrer Met
83%
Rencontrer Met
83%
Garder Kept
81%
Garder Kept
81%
Mettre Put
81%
Perdre Lost
80%
Perdre Lost
80%
Mettre Put
80%
Mettre Put
80%
Laisser, quitter, partir Leave
79%
Fabriquer, faire Made
78%
Fabriquer, faire Made
78%
Cacher Hid
76%
Cacher Hidden
76%
Cacher Hide
76%
Payer Paid
75%
Payer Paid
75%
Laisser, quitter, partir Left
73%
Laisser, quitter, partir Left
73%
Blesser, faire mal Hurt
72%
Blesser, faire mal Hurt
71%
Blesser, faire mal Hurt
71%
Signifier, vouloir dire Mean
70%
Signifier, vouloir dire Meant
68%
Signifier, vouloir dire Meant
68%
Mener Lead
66%
Frapper, atteindre Hit
65%
Frapper, atteindre Hit
65%
Frapper, atteindre Hit
65%
Tenir Hold
64%
Mener Led
62%
Mener Led
62%
Tenir Held
61%
Tenir Held
60%
(sus)pendre Hang
47%
(sus)pendre Hung
46%
(sus)pendre Hung
46%
Etre allongé / s’allonger Lie
40%
Prêter Lend
39%
Prêter Lent
38%
Prêter Lent
38%
Etre allongé / s’allonger Lay
33%
Etre allongé / s’allonger Lain
21%
Aucun quiz correspondant
Distribution des résultats
% des personnes avec chaque résultat
Percentile par nombre de réponses
Votre historique - résultats
Vous n’avez pas pris ce quiz